What countries call themselves - Statistics

General Stats
  • This quiz has been taken 820 times
  • The average score is 13 of 17
Answer Stats
Hint Answer % Correct
España Spain
99%
Belgique Belgium
98%
Deutschland Germany
98%
Polska Poland
98%
Yisrael Israel
95%
Österreich Austria
90%
Kypros Cyprus
89%
Nippon Japan
86%
Zhong Guo China
79%
Ellas Greece
74%
Suomi Finland
69%
Ityop'iya Ethiopia
67%
Kampuchea Cambodia
66%
Magyarorszag Hungary
64%
Misr Egypt
50%
Al Jaza'ir Algeria
48%
Shqiperia Albania
41%
No matching quizzes found
Score Distribution
Percent of People with Each Score
Percentile by Number Answered
Your Score History
You have not taken this quiz